00601 a2200181 4500010001400000020002300014035001300037037001500050082001600065245010700081260003100188270007600219300002700295490004200322500002000364700001500384700002000399 aENG-89785 a8189654381c595.00 aEN-73318 bDBAD / PUB14a303.40954331 aSocial change in Kerala:cedited by K.N. Nair [and] Vineetha Menonbinsights from micro-level studies/ aDelhibDaanish Booksc2007 aB-802, Taj Apartments, Gazipur,bDelhie110 096mdaanishbooks@gmail.com axv, 288p.c23cm. (Hb) aStudies in local-level development; 5 aIncludes index aNair, K.N. aMenon, Vineetha